000 00254nam a22001217a 4500
008 190222b xxu||||| |||| 00| 0 eng d
041 _aeng
080 _a316
100 _a50
101 _aSOC
245 _aSocial living
_cLandis, P.H
942 _2udc
_cBK
999 _c54109
_d54109